Science understanding your environment / (Record no. 5674)

MARC details
000 -LEADER
fixed length control field 00624nam a22002057a 4500
001 - CONTROL NUMBER
control field 5674
003 - CONTROL NUMBER IDENTIFIER
control field FISKH
005 - DATE AND TIME OF LATEST TRANSACTION
control field 20250113094918.0
008 - FIXED-LENGTH DATA ELEMENTS--GENERAL INFORMATION
fixed length control field 250113b cb ||||| |||| 00| 0 eng d
040 ## - CATALOGING SOURCE
Original cataloging agency FISKH
Language of cataloging eng
Transcribing agency FISKH
Modifying agency FISKH
082 ## - DEWEY DECIMAL CLASSIFICATION NUMBER
Classification number 372.357
100 ## - MAIN ENTRY--PERSONAL NAME
Personal name Mallinson, George G.
245 ## - TITLE STATEMENT
Title Science understanding your environment /
Statement of responsibility, etc. by George G. Mallinson
260 ## - PUBLICATION, DISTRIBUTION, ETC.
Place of publication, distribution, etc. Morristown, New Jersey :
Name of publisher, distributor, etc. Silver Burdett Company ;
Date of publication, distribution, etc. 1978.
300 ## - PHYSICAL DESCRIPTION
Extent 176 pages :
Other physical details illustrations ;
Dimensions 25 cm .
650 ## - SUBJECT ADDED ENTRY--TOPICAL TERM
Topical term or geographic name entry element photographs
Form subdivision non-fiction
700 ## - ADDED ENTRY--PERSONAL NAME
Personal name Mallinson, Jacqueline B.
Relator term author
942 ## - ADDED ENTRY ELEMENTS (KOHA)
Source of classification or shelving scheme Dewey Decimal Classification
Koha item type Books
Suppress in OPAC No
Holdings
Withdrawn status Lost status Source of classification or shelving scheme Damaged status Not for loan Collection Home library Current library Shelving location Date acquired Total Checkouts Full call number Barcode Date last seen Price effective from Koha item type
    Dewey Decimal Classification     Non-Fiction Footprints International School Library Network Toul Kork Campus Footprints International School Library Network Toul Kork Campus TTP Secondary Non-Fiction Bookshelves 01/13/2025   MAL 372.357 2025-0023 01/13/2025 01/13/2025 Books